Genre in the classroom: multiple perspectives
সংরক্ষণ করুন:
| প্রধান লেখক: | |
|---|---|
| বিন্যাস: | গ্রন্থ |
| ভাষা: | ইংরেজি |
| প্রকাশিত: |
Mahwah
Lawrence Erlbaum Associates
2002
|
| বিষয়গুলি: | |
| ট্যাগগুলো: |
ট্যাগ যুক্ত করুন
কোনো ট্যাগ নেই, প্রথমজন হিসাবে ট্যাগ করুন!
|
MARC
| LEADER | 00000nam a2200000 a 4500 | ||
|---|---|---|---|
| 001 | UCM3425 | ||
| 003 | CL-VaPUC | ||
| 008 | 020705e20020000us |||||||||||||||||eng|d | ||
| 020 | |a 080583074X | ||
| 082 | 0 | 4 | |a 428.007 |b JOH |2 21 |
| 100 | |a Johns, Ann M |e author |9 470232 | ||
| 245 | 1 | 0 | |a Genre in the classroom: multiple perspectives |
| 300 | |a 350 p | ||
| 942 | |c BK | ||
| 945 | |d 20020705 00:00:00 |a cmena | ||
| 260 | |a Mahwah |b Lawrence Erlbaum Associates |c 2002 | ||
| 650 | 7 | |a LENGUAJE INGLES |2 CL-VaPUC |9 454942 | |
| 650 | 0 | |a Enseñanza del inglés |9 367340 | |
| 650 | 0 | |a Educación lingüística |9 306506 | |
| 583 | |a last modification |c 20171120 05:02:48 |k Rodrigo Vera | ||
| 999 | |c 300792 |d 300790 | ||
| 952 | |0 0 |1 0 |4 0 |6 428_007000000000000_JOH_2002 |7 0 |8 A |9 359069 |a FDOPOS |b FDOPOS |d 2019-11-21 |i 3826635 |o 428.007 JOH 2002 |p 3826635 |r 2025-01-22 |w 2019-11-21 |y BK |k MLA | ||
| 952 | |0 0 |1 0 |4 0 |6 428_007000000000000_JOH_2002 |7 0 |8 A |9 359070 |a FDOPOS |b FDOPOS |d 2019-11-21 |i 4146646 |o 428.007 JOH 2002 |p 4146646 |r 2025-01-22 |w 2019-11-21 |y BK |k MLA | ||
| 952 | |0 0 |1 0 |4 0 |6 428_007000000000000_JOH_2002 |7 0 |8 A |9 359071 |a FDOPOS |b FDOPOS |d 2019-11-21 |i 4323483 |o 428.007 JOH 2002 |p 4323483 |r 2025-01-22 |w 2019-11-21 |y BK |k MLA | ||